000 00702nam a2200217Ii 4500
003 JO-AjNU
008 230605s9999||||xx |||||||||||||| ||und||
017 _a2009/7/3214
040 _aJO-AjNU
_bara
_erda
_cJO-AjNU
041 _aara
050 1 4 _aDS109.9 2009
100 3 _aعليان، ربحي مصطفى,
_eauthor
_950265
245 0 0 _aمدينة القدس: تاريخ وحضارة ( ألف سؤال وجواب)
250 _aط2
264 3 1 _aعمان: المؤلف، 2009
300 _a350ص
_bصور توضيحية
336 _atext
_btxt
_2rdacontent
337 _aunmediated
_bn
_2rdamedia
338 _avolume
_bnc
_2rdacarrier
650 4 _aالقدس - تاريخ فلسطين
_950266
999 _aA22131
_c25699
_d25699